000 00266nam a22001337a 4500
020 _a0-7214-0002
082 _a823
_bMUR/W
100 _aMURRAY, W
245 _aWE HAVE FUN
260 _aUK
_bLADY BIRD
300 _a50
650 _aENGLISH SHORT STORY
942 _cBK
999 _c2561
_d2561